|
|
|
|
| LEADER |
00000cam a22000004a 4500 |
| 001 |
musev2_9290 |
| 003 |
MdBmJHUP |
| 005 |
20230905041046.0 |
| 006 |
m o d |
| 007 |
cr||||||||nn|n |
| 008 |
060626s2006 utu o 00 0 eng d |
| 010 |
|
|
|z 2006021243
|
| 020 |
|
|
|a 9780874215458
|
| 020 |
|
|
|z 9780874216530
|
| 035 |
|
|
|a (OCoLC)71281689
|
| 040 |
|
|
|a MdBmJHUP
|c MdBmJHUP
|
| 043 |
|
|
|a e-fi---
|a n-us---
|
| 050 |
0 |
4 |
|a GR41.5
|b .W55 2006
|
| 082 |
0 |
|
|a 398.2094897
|2 22
|
| 100 |
1 |
|
|a Wilson, William Albert,
|d 1861-1951.
|
| 245 |
1 |
4 |
|a Marrow of Human Experience, The :
|b Essays on Folklore by William A. Wilson /
|c by William A. Wilson ; edited by Jill Terry Rudy with the assistance of Diane Call.
|
| 264 |
|
1 |
|a Logan, UT :
|b Utah State University Press,
|c 2006.
|
| 264 |
|
3 |
|a Baltimore, Md. :
|b Project MUSE,
|c 2012
|
| 264 |
|
4 |
|c ©2006.
|
| 300 |
|
|
|a 1 online resource (328 pages).
|
| 336 |
|
|
|a text
|b txt
|2 rdacontent
|
| 337 |
|
|
|a computer
|b c
|2 rdamedia
|
| 338 |
|
|
|a online resource
|b cr
|2 rdacarrier
|
| 504 |
|
|
|a "William A. Wilson's published works": p. 293-297.
|
| 504 |
|
|
|a Includes bibliographical references (p. 299-310) and index.
|
| 505 |
0 |
|
|a Introduction -- The importance of folklore -- The deeper necessity : folklore and the humanities -- Building bridges : folklore in the academy -- Arts and cultural policy -- "Something there is that doesn't love a wall" -- The folk speak : everyday life in pioneer oral narratives -- Documenting folklore -- Folklore and national identity -- Herder, folklore, and romantic nationalism -- Sibelius, the Kalevala, and Karelianism -- Folklore, nationalism, and the challenge of the future -- Finns in a new world : a folkloristic perspective -- Folklore, religion, and who we are -- The concept of the west and other hindrances to the study of Mormon folklore -- The study of Mormon folklore : an uncertain mirror for truth -- On being human : the folklore of Mormon missionaries -- The seriousness of Mormon humor -- Freeways, parking lots, and ice cream stands : three nephites in contemporary Mormon culture -- "Teach me all that I must do" : the practice of Mormon religion -- Personal narratives : the family novel -- A daughter's biography of William A. Wilson, Denise Wilson Jamsa -- William A. Wilson's published works.
|
| 506 |
0 |
|
|a Open Access
|f Unrestricted online access
|2 star
|
| 588 |
|
|
|a Description based on print version record.
|
| 650 |
|
0 |
|a Mormons
|x Folklore.
|
| 650 |
|
0 |
|a Folklore
|z Finland.
|
| 650 |
|
0 |
|a National characteristics.
|
| 650 |
|
0 |
|a Folklore and nationalism.
|
| 655 |
|
7 |
|a Electronic books.
|2 local
|
| 700 |
1 |
|
|a Call, Diane.
|
| 700 |
1 |
|
|a Rudy, Jill Terry,
|d 1963-
|
| 710 |
2 |
|
|a Project Muse.
|e distributor
|
| 830 |
|
0 |
|a Book collections on Project MUSE.
|
| 856 |
4 |
0 |
|z Texto completo
|u https://projectmuse.uam.elogim.com/book/9290/
|
| 945 |
|
|
|a Project MUSE - Archive Complete Foundation
|
| 945 |
|
|
|a Project MUSE - Archive Global Cultural Studies Foundation
|